000 01607nam a2200397 i 4500
001 53916492
003 OCoLC
005 20251120031751.0
008 031216r20032000vaua f000 0 spa c
035 _atmp97323778
040 _aGPO
_beng
_erda
_cGPO
_dMvI
041 _aspa
042 _apcc
043 _an-us---
074 _a0014-A
086 0 _aA 1.68:1602/2003/SPAN.
086 0 _aA 1.68:1602/2003/SPAN.
130 0 _aAfter you deliver.
_lSpanish.
245 1 0 _aDespues de dar a luz :
_bsugerencias de salud para las mamas.
246 3 0 _aSugerencias de salud para las mamas.
264 1 _a[Alexandria, Va.] :
_b[U.S. Department of Agriculture, Food and Nutrition Service],
_c[2003]
300 _aii, 22 pages :
_bcolor illustrations ;
_c21 x 21 cm.
336 _atext
_btxt
_2rdacontent.
337 _aunmediated
_bn
_2rdamedia.
338 _avolume
_bnc
_2rdacarrier.
490 1 _aProgram aid ;
_vno. 1602-S.
500 _a"Reviewed and approved for reprinting September 2003"--P. [4] of cover.
500 _aShipping list no.: 2004-0039-P.
504 _a"Spanish version September 2000"--P. 4 of cover.
650 0 _aMothers
_xNutrition
_zUnited States.
_0http://id.loc.gov/authorities/subjects/sh85087537.
650 0 _aMothers
_xHealth and hygiene
_zUnited States.
650 0 _aChildren
_xHealth and hygiene
_zUnited States.
710 1 _aUnited States.
_bFood and Nutrition Service.
_0http://id.loc.gov/authorities/names/n79120296.
830 0 _aProgram aid (United States. Department of Agriculture) ;
_vno. 1602-S.
_0http://id.loc.gov/authorities/names/n86703955.
942 _cBK
999 _c31212
_d31210